| 000 | 00414nam a22001217a 4500 | ||
|---|---|---|---|
| 082 | _aTHE 200 | ||
| 100 |
_aAMEER AHMED _972827 |
||
| 245 | _aTH-SOF-0786-The Impact of Career Self Management on Employees Organizational Commitment in the Banking Sector of Pakistan | ||
| 260 |
_aNUST COLLEGE OF EME _bISLAMABAD _c2001 |
||
| 650 |
_a MS-EM-5 MSTHESIS _972537 |
||
| 700 |
_a Dr. Akhtar Nawaz Malik _916099 |
||
| 942 | _cCF | ||
| 999 |
_c578810 _d578810 |
||